| 000 | 01337cam a22002895i 4500 | ||
|---|---|---|---|
| 003 | EG-ScBUE | ||
| 005 | 20220719095113.0 | ||
| 008 | 120308s1998 ua f b 000 00 ara d | ||
| 017 | _a1998 / 3306 | ||
| 020 | _a977528323X | ||
| 040 |
_aEG-ScBUE _bara _erda _cEG-ScBUE _dEG-ScBUE |
||
| 082 | 0 | 4 |
_a492.78 _bف ي و _222 |
| 100 | 1 |
_aفيود، بسيوني عبد الفتاح، _eمؤلف. |
|
| 245 | 1 | 0 |
_aعلم البيان : _bدراسة تحليلية لمسائل البيان / _cتأليف د. بسيوني عبد الفتاح فيود، أستاذ البلاغة والنقد، كلية اللغة العربية، جامعة الأزهر. |
| 250 | _aالطبعة الثانية. | ||
| 264 | 1 |
_aالقاهرة : _bمؤسسة المختار للنشر والتوزيع؛ _aالإحساء، المملكة العربية السعودية، _bدار المعالم الثقافية للنشر والتوزيع، _c1998. |
|
| 300 |
_a282 صفحة ؛ _c24 سم |
||
| 336 |
_2rdacontent _aنص _btxt |
||
| 337 |
_2rdamedia _aبدون وسيط _bn |
||
| 338 |
_2rdacarrier _aمجلد _bnc |
||
| 504 | _aيشتمل على إرجاعات ببليوجرافية. | ||
| 650 | 7 |
_aالبلاغة العربية _xالبيان. _2BUEsh _929296 |
|
| 651 | _2BUEsh | ||
| 653 |
_bGGEN _cJune2019 |
||
| 655 |
_vReading book _934232 |
||
| 942 | _2ddc | ||
| 999 |
_c16562 _d16562 |
||